000 00466nam a2200181Ia 4500
003 GCL
008 140319s9999 xx 000 0 eng d
040 _aGCL /
_cGCL
082 0 4 _a708
_bS M
100 1 _aSALLES, GEORGES
245 1 0 _aLE MUSEE D'EPARTEMENTAL DES ANTIQUITE DE LA SEINEIMFERIEURE /
_cSALLES, GEORGES
260 _a[S.N] :
_bFOUEN ،
_c1954
300 _a64 P
650 0 4 _aMUSEUMS
650 0 4 _aARTS
650 0 4 _aART, HISTORY
942 _2ddc
_cBK
999 _c19725
_d19725